00702nam a2200229 i 4500001000300000100002600003245005600029260004800085300002100133650002200154655001800176020001500194040000800209041000900217080001600226920001800242942000700260008004100267999001700308856009800325952004900423bg1 aSZKUTNIK, Leon Leszek10aKorepetytor z angielskiego /cLeon Leszek Szkutnik. aWarszawa :b"Prószyński i S-ka",c2003. a350 s. ;c24 cm. 9aJęzyk angielski aPodręczniki a8373372172 cBPKw aenpl a811.111(07) a83-7337-217-2 cKS s pl f |000 0 pol  c42981d42981 uhttp://koha.tu.koszalin.pl/cgi-bin/koha/opac-detail.pl?biblionumber=42981yKatalog online BPK 00104070aBPKbBPKcwo67964p02019581yKS